banner koha

Floristic inventory of Myrtaceae of Parque Nacional do Iguaçu, Paraná, Brazil (Registro n. 339143)

MARC details
000 -LÍDER
fixed length control field 04664nab a2200289 i 4500
003 - CÓDIGO MARC DA AGÊNCIA CATALOGADORA
Campo de controle BR-BrBNA
005 - DATA E HORA DA ÚLTIMA ATUALIZAÇÃO
Campo de controle 20251121114144.0
008 - CAMPO DE TAMANHO FIXO
fixed length control field 251121b2023 bl.ar|pooa||| 00| 0 eng |
040 ## - FONTE DA CATALOGAÇÃO
Agência catalogadora BR-BrBNA
Idioma da catalogação eng
072 ## - CATEGORIA AGRIS
Código AGRIS F70
100 ## - ENTRADA PRINCIPAL - NOME PESSOAL
Nome pessoal Conceição, Lázaro Henrique Soares de Moraes
100 ## - ENTRADA PRINCIPAL - NOME PESSOAL
Nome pessoal Sobral, Marcos
100 ## - ENTRADA PRINCIPAL - NOME PESSOAL
Nome pessoal Lima, Laura Cristina Pires
100 ## - ENTRADA PRINCIPAL - NOME PESSOAL
Nome pessoal Caxambu, Marcelo Galeazzi
100 ## - ENTRADA PRINCIPAL - NOME PESSOAL
Nome pessoal Temponi, Lívia Godinho
245 ## - TÍTULO PRINCIPAL
Título principal Floristic inventory of Myrtaceae of Parque Nacional do Iguaçu, Paraná, Brazil
500 ## - NOTA GERAL
Nota geral Publicação on-line; Bibliography p. 21-23 (79 ref.); 3 tables; 6 illus.; Summaries (En, Pt)
942 ## - ADDED ENTRY ELEMENTS (KOHA)
Koha item type Analítica
520 ## - NOTA DE RESUMO
Nota de conteúdo <br/><br/>Abstract<br/><br/>Myrtaceae is a diverse family in Brazil and the sixth most representative family in the Atlantic Forest. In Paraná,<br/>the Parque Nacional do Iguaçu (ParNa Iguaçu) is a large National Park and also one of the largest remnants<br/>of this phytogeographic domain. The objective of the present study was to carry out a floristic inventory of<br/>the Myrtaceae of the ParNa Iguaçu, presenting an identification key to the species, illustrations, conservation<br/>status evaluation, and comments on geographic distribution and phenology. The collections were carried out<br/>between May 2019 and March 2020 in two areas composed of Seasonal Semideciduous Forest and a transitional<br/>area to Mixed Ombrophilous Forest. In addition to the samples collected by us, material from other herbaria<br/>were also examined. Twenty-five native species and one exotic species of Myrtaceae were found, distributed<br/>in seven genera. Eugenia was the most representative genus with 11 species. Of the 26 species, seven are new<br/>occurrences for ParNa Iguaçu. From the samples collected in this research and other records in the northwest<br/>and west regions of the state of Paraná, the presence of Psidium striatulum in Seasonal Semideciduous Forest<br/>is confirmed. Eugenia myrciariifolia was the only species on Brazil’s endangered species list, the IUCN<br/>conservation status of which is Endangered (EN). The other species were considered as Least Concern (LC),<br/>but some of these species are restricted to certain areas or types of vegetation. Therefore, we conclude that<br/>ParNa Iguaçu contributes to the maintenance of these species in their natural environment.<br/><br/>Key words: Atlantic Forest, diversity, Eugenia, Myrcia, southern Brazil.<br/><br/><br/><br/><br/>Resumo<br/><br/>Myrtaceae é uma família diversa no Brasil e a sexta família mais representativa da Mata Atlântica. No Paraná<br/>o Parque Nacional do Iguaçu (ParNa Iguaçu) é um dos maiores remanescentes desse domínio fitogeográfico. O<br/>objetivo do presente estudo foi realizar um inventário florístico das Myrtaceae do Parque Nacional do Iguaçu,<br/>apresentando para as espécies encontradas uma chave de identificação, ilustrações, seus status de conservação<br/>e comentários sobre distribuição geográfica e fenologia. As coletas foram realizadas entre maio de 2019 a<br/>março de 2020 em duas áreas compostas por Floresta Estacional Semidecidual e uma área de transição dessa<br/>formação com Floresta Ombrófila Mista. Além das amostras coletadas, foram examinados também materiais<br/>de outros herbários. Foram encontradas 25 espécies nativas e uma espécie exótica de Myrtaceae, distribuídas<br/>em sete gêneros. Eugenia foi o gênero mais representativo com 11 espécies. Das 26 espécies, sete são novas<br/>ocorrências para o ParNa Iguaçu. A partir das amostras coletadas nessa pesquisa e de outros registros nas regiões<br/>noroeste e oeste do estado do Paraná confirma-se a presença de Psidium striatulum para Floresta Estacional<br/>Semidecidual. Eugenia myrciariifolia é a única espécie presente na Lista brasileira de espécies ameaçadas, <br/>apresentando status de conservação da IUCN como Em Perigo (EN). As demais espécies são consideradas<br/>como Pouco Preocupantes (LC), porém algumas dessas espécies apresentam-se restritas a algumas áreas ou<br/>formações vegetacionais. Desta forma, o ParNa Iguaçu é uma Unidade de Conservação que contribui para a<br/>manutenção dessas espécies em seu ambiente natural.<br/><br/>Palavras-chave: Mata Atlântica, diversidade, Eugenia, Myrcia, sul do Brazil.<br/>
650 ## - ASSUNTO - THESAGRO
Cabeçalho tópico ou nome geográfico MATA ATLÂNTICA
650 ## - ASSUNTO - THESAGRO
Cabeçalho tópico ou nome geográfico BIODIVERSIDADE
650 ## - ASSUNTO - THESAGRO
Cabeçalho tópico ou nome geográfico EUGENIA
650 ## - ASSUNTO - THESAGRO
Cabeçalho tópico ou nome geográfico MYRTACEAE
773 0# - ENTRADA ANALÍTICA
Host Biblionumber 709
Registro do item 359038
Imprenta Rio de Janeiro-RJ Jardim Botanico do Rio de Janeiro 1935
Outro identificador 2025-7012
Título Rodriguésia (Brazil)
ISSN 0370-6583; 2175-7860 on-line
Colação v. 74 p. 1-23; (2023)
Número de controle de registro BR2025004468
856 ## - ACESSO E ENDEREÇO ELETRÔNICO
Identificador uniforme de recurso - URI https://www.scielo.br/j/rod/a/RZS6Wj4gnP3X3YY4s3xNfRt/?format=pdf&lang=en

Nenhum exemplar disponível.

BINAGRI

Telefone: (61)3218-2567/2388/3357/2097 - binagri@agro.gov.br

Ministério da Agricultura e Pecuária , Esplanada dos Ministérios, Bloco D, Anexo B, Brasília/DF, CEP: 70.043-900